Donatello, Pollajuelo y Verrochio (Record no. 55980)

MARC details
000 -LEADER
campo de control de longitud fija 01127nam a2200265 i 4500
001 - NÚMERO DE CONTROL
campo de control 55980
003 - IDENTIFICADOR DE NÚMERO DE CONTROL
campo de control ES-MaACL
005 - FECHA Y HORA DE LA ÚLTIMA TRANSACCIÓN
campo de control 20250729020313.0
007 - CAMPO FIJO DE DESCRIPCIÓN FÍSICA--INFORMACIÓN GENERAL
campo de control de longitud fija t|
008 - DATOS DE LONGITUD FIJA--INFORMACIÓN GENERAL
campo de control de longitud fija 031001s1946 sp f |||| | spa d
080 ## - NÚMERO DE LA CLASIFICACIÓN DECIMAL UNIVERSAL
Número de la Clasificación Decimal Universal 73(45)
100 1# - ENTRADA PRINCIPAL--NOMBRE DE PERSONA
Nombre de persona Díaz López, Gonzalo.
9 (RLIN) 44330
245 10 - MENCIÓN DEL TÍTULO
Título Donatello, Pollajuelo y Verrochio
Resto del título : la personalidad estética de cada uno de estos artistas y catálogo de las reproducciones de sus obras existentes en el Museo /
Mención de responsabilidad, etc. por Gonzalo Díaz López.
260 ## - PUBLICACIÓN, DISTRIBUCIÓN, ETC.
Lugar de publicación, distribución, etc. Madrid :
Nombre del editor, distribuidor, etc. [s.n.],
Fecha de publicación, distribución, etc. 1946 (
Fabricante Imp. Góngora)
300 ## - DESCRIPCIÓN FÍSICA
Extensión 186 p., 16 lám. ;
Dimensiones 17 cm.
500 ## - NOTA GENERAL
Nota general Precede al tít.: Museo de Reproducciones Artísticas. Cuerpo Facultativo de Archiveros, Bibliotecarios y Arqueólogos.
600 14 - PUNTO DE ACCESO ADICIONAL DE MATERIA--NOMBRE DE PERSONA
Nombre de persona Donatello (
Fechas asociadas al nombre ca. 1386-1466)
9 (RLIN) 162112
600 14 - PUNTO DE ACCESO ADICIONAL DE MATERIA--NOMBRE DE PERSONA
Nombre de persona Pollaiuolo, Antonio.
9 (RLIN) 162110
600 14 - PUNTO DE ACCESO ADICIONAL DE MATERIA--NOMBRE DE PERSONA
Nombre de persona Verrocchio, Andrea (
Fechas asociadas al nombre 1435-1488)
9 (RLIN) 162111
710 2# - ENTRADA AGREGADA--NOMBRE DE ENTIDAD CORPORATIVA
Nombre de entidad corporativa o nombre de jurisdicción como elemento de entrada Museo Nacional de Reproducciones Artísticas (España)
9 (RLIN) 151574
710 2# - ENTRADA AGREGADA--NOMBRE DE ENTIDAD CORPORATIVA
Nombre de entidad corporativa o nombre de jurisdicción como elemento de entrada Cuerpo Facultativo de Archiveros, Bibliotecarios y Arqueólogos
9 (RLIN) 3354
852 ## - LOCALIZACIÓN
Ubicación ES-MaACL
Número de control de estantería E-2262
852 ## - LOCALIZACIÓN
Ubicación ES-MaACL
Número de control de estantería B-10165
Holdings
Estatus retirado Estado de pérdida Estado de daño No para préstamo Biblioteca de origen Biblioteca actual Ubicación en estantería Fecha de adquisición Fuente de adquisición Total de préstamos Signatura topográfica completa Código de barras Visto por última vez Precio de reemplazo Tipo de ítem Koha
        Biblioteca del Ateneo de Madrid Biblioteca del Ateneo de Madrid Sala Pardo Bazán 17/01/2008     B-10165 1058802 23/02/2023 23/02/2023 Libro impreso
        Biblioteca del Ateneo de Madrid Biblioteca del Ateneo de Madrid Depósito 2 17/01/2008     E-2262 1058801 23/02/2023 23/02/2023 Libro impreso